Countries Closest to Oman - Statistics

General Stats
  • This quiz has been taken 3,675 times
  • The average score is 17 of 20
Answer Stats
km country miles % Correct
0 Saudi Arabia 0
99%
0 Yemen 0
99%
0 United Arab Emirates 0
98%
51 Iran 32
97%
855 Iraq 531
96%
423 Qatar 263
94%
342 Pakistan 212
93%
868 India 539
92%
806 Kuwait 501
90%
509 Bahrain 316
89%
571 Somalia 355
87%
576 Afghanistan 358
84%
1236 Ethiopia 768
83%
1152 Eritrea 716
81%
1147 Djibouti 713
79%
1420 Sudan 882
75%
1119 Turkmenistan 696
68%
1543 Uzbekistan 959
64%
1602 Tajikistan 995
62%
1514 Azerbaijan 941
46%
No matching quizzes found
Score Distribution
Percent of People with Each Score
Percentile by Number Answered
Your Score History
You have not taken this quiz